Fifth Army at war /

Bibliographic Details
Main Author: Forty, George
Format: Book
Language:English
Published: New York : Scribner, 1980.
Edition:1st U.S. ed.
Subjects:

MARC

Tag First Indicator Second Indicator Subfields
LEADER 00000cam a2200000 a 4500
001 in00000089005
005 20151008065233.0
008 801001r1980 nyuab b 00010 engm
010 |a  79093178  
020 |a 0684166151 :  |c $17.50 
035 |a (OCoLC)06699786 
035 |9 AAK5596AM 
040 |a DLC  |c DLC  |d m.c.  |d TXA  |d UtOrBLW 
043 |a e-it---  |a n-us--- 
049 |a TXAM  |c 1 [1561227]  |a TXAS [mil]  |c 2 
050 0 0 |a D769.26 5th  |b .F67 1980 
082 0 |a 940.54/12/73  |2 19 
100 1 |a Forty, George. 
245 1 0 |a Fifth Army at war /  |c George Forty. 
250 |a 1st U.S. ed. 
264 1 |a New York :  |b Scribner,  |c 1980. 
300 |a 144 pages :  |b illustrations, maps ;  |c 30 cm. 
336 |a text  |b txt  |2 rdacontent 
337 |a unmediated  |b n  |2 rdamedia 
338 |a volume  |b nc  |2 rdacarrier 
504 |a Bibliography: page 144. 
610 1 0 |a United States.  |b Army.  |b Army, 5th  |x History. 
650 0 |a World War, 1939-1945  |x Regimental histories  |z United States. 
650 0 |a World War, 1939-1945  |x Campaigns  |z Italy. 
651 0 |a Italy  |x History  |y Allied occupation, 1943-1947. 
999 |a MARS 
999 f f |s a13c1936-fecb-3d4c-ae24-e40ac696ee64  |i 1c5544de-4879-3613-898d-5647fd5a6fb6  |t 0 
952 f f |p normal  |a Texas A&M University  |b College Station  |c Sterling C. Evans Library  |d Evans: Library Stacks  |t 0  |e D769.26 5th .F67 1980  |h Library of Congress classification  |i unmediated -- volume  |m A14806095288 
952 f f |p noncirc  |a Texas A&M University  |b College Station  |c Cushing Memorial Library & Archives  |d Cushing: Ragan Military (Does not check out)  |t 0  |e UA27.3 5th .F67 1980  |h Library of Congress classification  |i unmediated -- volume 
998 f f |a D769.26 5th .F67 1980  |t 0  |l Evans: Library Stacks 
998 f f |a UA27.3 5th .F67 1980  |t 0  |l Cushing: Ragan Military (Does not check out)